The rime of the ancient mariner

Saved in:
Bibliografiske detaljer
Hovedforfatter: Coleridge, Samuel Taylor (Author)
Format: Bog
Sprog:engelsk
Udgivet: Nueva York Dover 1970
Serier:Collections of Graphic Art in Dover Books
Fag:
Tags: Tilføj Tag
Ingen Tags, Vær først til at tagge denne postø!

MARC

LEADER 00000nam a2200000 a 4500
001 UCT3714
003 CL-VaPUC
008 961024e19700000US |||||||||||||||||eng|d
082 0 4 |a 821  |b COL  |2 21 
100 0 |a Coleridge, Samuel Taylor  |e author  |9 322435 
245 1 4 |a The rime of the ancient mariner 
300 |a 76 p 
942 |c BK 
945 |d 19961024 00:00:00  |a nastorga 
260 |a Nueva York  |b Dover  |c 1970 
650 0 |a Poesías inglesas  |9 265094 
651 0 |a Francia  |9 255157 
583 |a last modification  |c 19961024 00:00:00  |k Rodrigo Vera 
490 0 |a Collections of Graphic Art in Dover Books 
999 |c 253270  |d 253268 
952 |0 0  |1 0  |4 0  |6 821_000000000000000_COL_1970  |7 0  |8 A  |9 273942  |a BIBARQ  |b BIBARQ  |d 2019-11-19  |i 3244717  |o 821 COL 1970  |p 3244717  |r 2025-01-20  |w 2019-11-19  |y BK  |k ARQ